| 000 | 01224nam a2200289 a 4500 | ||
|---|---|---|---|
| 001 | BRCA_8622 | ||
| 005 | 20190320210340.0 | ||
| 008 | 210916s1770----sp-#######---#000-0#spa-# | ||
| 050 | 4 |
_aF1201 _b.S65 _c1770 |
|
| 100 | 1 |
_aSolis, Antonio de _921538 |
|
| 245 | 1 | 0 |
_aHistoria de la conquista de mexico población y progresos de la america septentrional conocida por el nombre de nueva españa _cAntonio de Solis. |
| 260 |
_aBarcelona _bImprenta de Francisco Oliver y Martí _c1770 |
||
| 300 |
_aT.I, 366 p. _c16 cm |
||
| 500 | _aFondo antiguo | ||
| 500 | _aSe encuentra en Caja Fuerte | ||
| 500 | _aH-168 | ||
| 500 | _aEjemplar resguardado en caja de almeja | ||
| 500 | _aCon dedicatoria: al Señor Don Carlos Segundo y al Conde Oropesa | ||
| 500 | _aUso de viñetas al final de los capítulos | ||
| 500 | _aIncluye índice de los capítulos que se contienen en este primer tomo | ||
| 500 | _aEstado físico: el documento presenta manchas | ||
| 500 | _aNota de encuadernación: piel pergamino con broches de piel | ||
| 506 | 0 | _aFondo reservado: para su consulta es necesario credencial de usuario y carta de motivos | |
| 650 | 1 | 4 |
_aHistoria conquista _y1519-1540 _zMéxico _921539 |
| 902 | _aLAR | ||
| 942 |
_2lcc _cB |
||
| 999 |
_c8282 _d8282 |
||